Vista normal
Vista MARC
Entrada Materia (tema)
Número de registros utilizados en: 5
001 - CONTROL NUMBER
- control field: 47556
003 - CONTROL NUMBER IDENTIFIER
- control field: Co-BoUCM
005 - DATE AND TIME OF LATEST TRANSACTION
- control field: 20131007105016.0
008 - FIXED-LENGTH DATA ELEMENTS
- fixed length control field: 131007|| aca||aabn | a|a d
040 ## - CATALOGING SOURCE
- Original cataloging agency: Co-BoUCM
- Transcribing agency: Co-BoUCM
150 ## - HEADING--TOPICAL TERM
- Topical term or geographic name as entry element: Política social
- Geographic subdivision: Estados Unidos
670 ## - SOURCE DATA FOUND
- Source citation: Work cat.: (Co-BoUCM)180670: Lang, Kevin 46466, Poverty and discrimination, 2007